Llwytho...

Tissue culture studies on three rare medicinal plants of india : Holostemma annulare Janakiaara;yal Pathra and Ramwolfia micrantha. /

Manylion Llyfryddiaeth
Prif Awdur: Sudha, Cg
Fformat: Ph.D Thesis
Iaith:Undetermined
Cyhoeddwyd: Trivandrum : TBGRI , 1996.
LEADER 00595nam a2200133Ia 4500
001 127458
008 170722s9999 xx 000 0 und d
100 |a Sudha, Cg 
245 |a Tissue culture studies on three rare medicinal plants of india :  |b  Holostemma annulare Janakiaara;yal Pathra and Ramwolfia micrantha. / 
260 |a Trivandrum :  |b TBGRI ,  |c 1996. 
502 |a Thesis (Ph.D.)-- Botany., Univerrsityof Kerala, 1996. 
942 |c TH 
999 |c 165473  |d 165473 
952 |0 0  |1 0  |4 0  |6 J_63F9G12_2_000000000000000_N6RT  |7 0  |8 RT  |9 230052  |a LIB  |b LIB  |d 2017-08-12  |o J6:3:(F9G12).2 N6(RT)  |p G31187  |r 2017-08-12  |w 2017-08-12  |y TH